Statistics for All countries that have invaded Russia

Click here to take the quiz!

General Stats

  • This quiz has been taken 218 times
  • The average score is 9 of 13

Answer Stats

HintAnswer% Correct
1941Germany
95%
1917Germany
95%
1812France
88%
1617Poland
82%
1939Finland
81%
1941Finland
81%
1700Sweden
67%
1568Ottoman Empire
60%
1916Ottoman Empire
60%
1917Romania
53%
1368Lithuania
50%
1220Mongol Empire
31%
1999Chechnya
24%

Score Distribution

Percentile by Number Answered

Percent of People with Each Score

Your Score History

You have not taken this quiz